000
00251nam a2200109 4500
999
_c
10857
_d
10857
003
OSt
005
20221019130139.0
008
221019b ||||| |||| 00| 0 eng d
245
_a
Plastering Shepelev
260
_a
Moscow
_b
MIR Publishers
942
_2
ddc